Name Any Two Quiz Stats

Quiz Updated Dec 14, 2011

Challenge
Share
Tweet
Embed
Score 0/80 Timer 05:00
0 Plays Today
% Correct
STATḘ 2
96.5%
SṬATE 3
96.5%
STAṬE 4
96.4%
ḤEAD 3
94.9%
HEḀD 2
94.8%
STḀTE 1
94.3%
HEAḌ 4
94.2%
HḘAD 1
93.2%
PḚAS 1
85.8%
PEAṨ 3
85.8%
TURṬLE 3
85.3%
TURTLḘ 2
85.2%
TUṜTLE 4
83.7%
ṖEAS 4
83.4%
ṬURTLE 1
83.3%
SCALḚ 1
80.9%
SCḀLE 4
79.7%
CḬTY 2
78.4%
CITẎ 1
78.3%
CIṮY 3
78.3%
SḈALE 2
75.6%
SCAḶE 3
74.8%
LOḄE 4
73.2%
LṒBE 1
72.8%
PEḀS 2
72%
MARẊ 3
71.6%
MḀRX 2
71.5%
LOBḚ 2
70.6%
PROPḚRTY 3
70.6%
ṂARX 1
70.5%
AḈTRESS 1
69.1%
ACṮRESS 2
68.9%
ACTRḚSS 3
68.8%
ṖROPERTY 4
67.8%
PROPERṮY 2
63.4%
PRṒPERTY 1
62.6%
ḄOWL 3
59.4%
BṒWL 1
59.1%
BOWḶ 2
58.9%
BOẄL 4
56.5%
% Correct
MAṜX 4
54.8%
ḈHILD 1
54.7%
TEAṂ 4
53.9%
CHḬLD 3
53.5%
CHIḶD 2
53.3%
TḚAM 2
52.5%
ṮEAM 1
52.4%
TEḀM 3
51.9%
CṒUNTRY 2
44.3%
COUṈTRY 3
43.3%
ḈOUNTRY 1
42.1%
EMPEṞOR 4
41.2%
ḚMPEROR 2
40.8%
EṂPEROR 3
40.7%
ḶOBE 3
40.7%
CḢILD 4
40%
COUNṮRY 4
36.3%
ḄOOK 3
36.3%
BṒOK 1
36.1%
SḢOW 3
33.7%
ṨHOW 2
33.2%
ḀCTRESS 4
32.7%
SHṒW 1
31.9%
BOOḰ 4
30.5%
FIRṂ 1
24.4%
FḬRM 2
24.2%
FIṞM 3
24.2%
ELEMENṮ 2
23.3%
ELEMEṈT 1
22.8%
EMPERṒR 1
22.8%
BOṒK 2
22.5%
EḶEMENT 4
22.4%
ḚLEMENT 3
22.1%
ḞIRM 4
21.9%
SHOẄ 4
20.2%
SṲIT 3
19.5%
SUḬT 4
19%
SUIṮ 1
17%
ṨUIT 2
16.5%
ḈITY 4
16.4%

You're not logged in!

Compare scores with friends on all Sporcle quizzes.
Join for Free
OR
Log In

You Might Also Like...

Show Comments

Extras

Top Quizzes Today


Score Distribution

Your Account Isn't Verified!

In order to create a playlist on Sporcle, you need to verify the email address you used during registration. Go to your Sporcle Settings to finish the process.

Report this User

Report this user for behavior that violates our Community Guidelines.

Details: